La Guinée pour les touristes... - Facile - Statistiques

Statistiques générales
  • Ce quiz a été pris 7 fois
  • Le résultat moyen est 11 sur 20
Statistiques - réponses
Question Indice Réponses Indice facile % Correct
Quelle est la langue officielle ? Français
100%
La religion majoritaire est Islam I
86%
Ce pays est plus grand que la France (oui/non) Non
86%
Dans la capitale quel est le décalage horaire avec Paris ? (+ ou - et chiffre) ex - 10 ou + 3,5 - 2
71%
Achats à faire 2/ Objet sculpté en... bois SIOB
71%
Le principal aéroport est C Conakry
71%
Achats à faire 1/ Instrument de musique Djembé EMEDBJ
71%
Quel pays a accordé son indépendance à celui-ci ? France
71%
Quel est le climat local ? T Tropical
71%
Le suffixe internet est gn
57%
Quelles sont les principaux lieux touristiques ? L Iles de {Los} SOL
57%
Quel est le régime du pays ? R République
57%
Quelle est la monnaie ? Franc guinéen F
43%
Quelles sont les principaux lieux touristiques ? M Le voile de la {mariée} RAEIEM
43%
Achats à faire 4/ Instrument de musique Balafon ANFLOBA
29%
Achats à faire 3/ Tissu traditionnel Indigo GOINDI
29%
Quelles sont les principaux lieux touristiques ? N Réserve du Mont {Nimba} BANIM
29%
Quelles sont les principaux lieux touristiques ? LS Cascades de {La Samba} AMLBASA
14%
Achats à faire 5/ Cuirs de Dalaba BAALDA
14%
Code sur les plaques minéralogiques RG
14%
Aucun quiz correspondant
Distribution des résultats
% des personnes avec chaque résultat
Percentile par nombre de réponses
Votre historique - résultats
Vous n’avez pas pris ce quiz